Linear and tensor algebra /

Guardado en:
Autor Principal: Hermann, Robert, 1931-
Formato: Libro
Idioma:English
Publicado: Brookline, Mass. : Math Sci Press, c1973.
Series:Interdisciplinary mathematics ; v. 2
Materias:
Etiquetas: Agregar Etiqueta
Sin Etiquetas, Sea el primero en etiquetar este registro!
LEADER 00705cam a2200229 a 4500
001 MAT.inmabb005029
008 780814s1973####maua#####b####000#0#eng##
005 20120208152808.0
245 1 0 |a Linear and tensor algebra /  |c Robert Hermann. 
260 |a Brookline, Mass. :  |b Math Sci Press,  |c c1973. 
300 |a vi, 170 p. :  |b il. ;  |c 21 cm. 
440 0 |a Interdisciplinary mathematics ;  |v v. 2 
504 |a Bibliografía: p. 169-170. 
510 4 |a MR,  |c 57 #9373 
020 |a 0915692015 
100 1 |a Hermann, Robert,  |d 1931- 
650 0 |a Algebras, Linear. 
650 0 |a Tensor algebra. 
084 |a 00A05  |2 msc2000 
010 |a  78307388  
040 |a DLC  |c DLC  |d DLC 
859 |h 00A05  |i H552  |p A-5417  |b BIB. MATEMATICA